Songs of the golden goddess : ancient Egyptian love songs /
محفوظ في:
المؤلف الرئيسي:
مؤلفون آخرون: ,
التنسيق: كتاب
اللغة: English
منشور في:
Prague :
Czech Institute of Egyptology,
2008.
الموضوعات:
الوسوم: إضافة وسم
لا توجد وسوم, كن أول من يضع وسما على هذه التسجيلة!
رقم الطلب: PJ1945 .L27 2008
| LEADER | 01406nam a2200253Ia 4500 | ||
|---|---|---|---|
| 003 | OSt | ||
| 005 | 20240716115659.0 | ||
| 008 | 100730s2008 xr 000 0 eng | ||
| 952 | |0 0 |1 0 |2 lcc |3 CD |4 0 |6 PJ1945 L27 02008 |7 1 |9 43891 |a ARCE |b ARCE |d 2022-11-24 |l 0 |o PJ1945 .L27 2008 |p 1021838 |r 2022-11-24 00:00:00 |w 2022-11-24 |y BK | ||
| 999 | |c 50348 |d 50348 | ||
| 040 | |c ARCE Library | ||
| 050 | 4 | |a PJ1945 .L27 2008 | |
| 100 | 1 | |a Landgráfová, Renata. | |
| 245 | 1 | 0 | |a Songs of the golden goddess : |b ancient Egyptian love songs / |c [Renata Landgráfová ...]. |
| 264 | 1 | |a Prague : |b Czech Institute of Egyptology, |c 2008. | |
| 300 | |a 1 audio disc ; |c 4 3/4 in. | ||
| 500 | |a CD laid-in a copy of Landgráfová's Sex and the golden goddess, v. 1 "Year: 2008; language: English; Renata Landgráfová, lyrics; Rudolf Měřinský, music; CD of ancient Egyptian love songs, bringing the ancient Egyptians back to life. The lyrics are closely based on the author's translations of Egyptian originals, the music is an inspiration by these texts"--Český egyptologický ústav website (http://egyptologie.ff.cuni.cz/?req=doc:pripknihy), July 30, 2010. | ||
| 546 | |a English, Ancient Egyptian. | ||
| 650 | 0 | |a Love poetry, Egyptian -- Translations into English. | |
| 650 | 0 | |a Love songs -- Egypt -- Translations into English. | |
| 700 | 1 | |a Kohoutová, Petra. | |
| 700 | 1 | |a Měřinský, Rudolf. | |
| 901 | |a reviewed | ||
| 942 | |2 lcc |c BK | ||
